书目信息 |
| 题名: |
汉语词汇知识与习得研究
|
|
| 作者: | 邢红兵 主编 | |
| 分册: | ||
| 出版信息: | 北京 九州出版社 2019.11 |
|
| 页数: | 470页 | |
| 开本: | 24cm | |
| 丛书名: | ||
| 单 册: | ||
| 中图分类: | H13-53 , H195.3-53 | |
| 科图分类: | ||
| 主题词: | 汉语--han yu--词汇--文集 , 汉语--han yu--词汇--对外汉语教学--教学研究--文集 | |
| 电子资源: | ||
| ISBN: | 978-7-5108-8396-5 | |
| 000 | 01166nam0 2200289 450 | |
| 001 | CAL 0120192902302 | |
| 005 | 20230217093111.0 | |
| 010 | @a978-7-5108-8396-5@dCNY79.00 | |
| 100 | @a20191122d2019 em y0chiy0120 ea | |
| 101 | 0 | @achi |
| 102 | @aCN@b110000 | |
| 105 | @aak a 000yy | |
| 106 | @ar | |
| 200 | 1 | @a汉语词汇知识与习得研究@Ahan yu ci hui zhi shi yu xi de yan jiu@f邢红兵主编 |
| 210 | @a北京@c九州出版社@d2019.11 | |
| 215 | @a470页@c图@d24cm | |
| 300 | @a北京语言大学校级重大研究专项研究 (中央高校基本科研业务专项资金) 资助, 项目号为15ZDY03 | |
| 314 | @a邢红兵, 北京语言大学汉语国际教育学部主任等职。 | |
| 320 | @a有书目 | |
| 330 | @a本书为邢红兵教授指导的硕士生的硕士学位论文精简改写而成的论文集。研究方向为汉语作为母语和第二语言在词汇习得方面的认知知识和最新研究发现。论文集共20篇, 分为两部分: 汉语作为母语的词汇知识和习得研究, 汉语作为第二语言的词汇知识和习得研究。 | |
| 606 | 0 | @a汉语@Ahan yu@x词汇@j文集 |
| 606 | 0 | @a汉语@Ahan yu@x词汇@x对外汉语教学@x教学研究@j文集 |
| 690 | @aH13-53@v5 | |
| 690 | @aH195.3-53@v5 | |
| 701 | 0 | @a邢红兵@Axing hong bing@4主编 |
| 801 | 0 | @aCN@bBJXHZP@c20230222 |
| 905 | @b1393741-4@dH13-53@e416@f4 | |
| 汉语词汇知识与习得研究/邢红兵主编.-北京:九州出版社,2019.11 |
| 470页:图;24cm |
| 北京语言大学校级重大研究专项研究 (中央高校基本科研业务专项资金) 资助, 项目号为15ZDY03 |
| ISBN 978-7-5108-8396-5:CNY79.00 |
| 本书为邢红兵教授指导的硕士生的硕士学位论文精简改写而成的论文集。研究方向为汉语作为母语和第二语言在词汇习得方面的认知知识和最新研究发现。论文集共20篇, 分为两部分: 汉语作为母语的词汇知识和习得研究, 汉语作为第二语言的词汇知识和习得研究。 |
| ● |
| 相关链接 |
|
|
|
|
正题名:汉语词汇知识与习得研究
索取号:H13-53/416
 
预约/预借
| 序号 | 登录号 | 条形码 | 馆藏地/架位号 | 状态 | 备注 |
| 1 | 1393741 | 213937418 | 第二样本阅览室/ [索取号:H13-53/416] | 在馆 | |
| 2 | 1393742 | 213937427 | 第四借阅区/ [索取号:H13-53/416] | 在馆 | |
| 3 | 1393743 | 213937436 | 第四借阅区/ [索取号:H13-53/416] | 在馆 | |
| 4 | 1393744 | 213937445 | 第四借阅区/ [索取号:H13-53/416] | 在馆 |